000 01171nam a2200361 i 4500
001 193042
003 ES-MaACL
005 20240707063034.0
007 t
008 230726d2001 spa/xxxb//xxxb000x0/spabd
020 _a8425335841
035 _aLZ00 0005267
035 _aCCBIP02518937
040 _aLZ00
_bspa
_cES-MaACL
080 _a820(410)-31"20"
100 1 _aHarris, Joanne,
_d1964-
_9233849
245 1 0 _aCinco cuartos de naranja /
_b
_cJoanne Harris; traducción de Marta Arguilé.
250 _a1ª ed.
260 _aBarcelona :
_bGrijalbo- Mondadori,
_c2001.
300 _a332 p. ;
_c23 cm.
336 _2rdacontent
_aTexto
337 _2rdamedia
_asin mediación
338 _2rdacarrier
_avolumen
500 _aCatalogación provisional. Signatura: N 8547. Depósito J.
650 7 _aNovelas
_2embne
_9233904
700 1 _aArguié, Marta
_9233850
852 _aES-MaACL
_bR 152028
_cDEPOJ
_jN 8547
_zEn proceso
_9200347
942 _n0
_cMONOGRAFIA
999 _c193042
_d193042